LEADER 00688naa a2200157 i 4500 001 000000294955 003 CaOOAMICUS 005 20180831172516.0 008 180831n xx u000 u und u 013 $a2253 040 $aSeMil$bita 100 1 $aBressan, Edoardo,$d<1953- >.$0(OLS)http://semarc/name/10289 245 13$aLa carità nella Chiesa ambrosiana tra fine '800 e prima metà del '900. 650 4$aMilano (Arcidiocesi) - Storia.$0(OLS)http://semarc/subject/1013 773 0 $tCarità missione per la società.$dPonte Lambro (CO) : La Nostra Famiglia, stampa 1995.$w()45945 996 $6245$aLa carità nella Chiesa ambrosiana tra fine '800 e prima metà del '900$9(OLS)http://semarc/title/371027 LEADER 01227nam a2200241 i 4500 001 000000007123 003 CaOOAMICUS 005 20190924095149.0 008 180830s1979 fr u000 u und u 040 $aSeMil$bita 100 1 $aCongar, Yves,$c.$0(OLS)http://semarc/name/3722 245 10$aJe crois en l'Esprit Saint /$cYves Marie-Joseph Congar. 260 $aParis :$bLes Éditions du Cerf,$c1979-1980. 300 $a3 v. ;$c22 cm. 650 4$aSpirito Santo - Teologia.$0(OLS)http://semarc/subject/1154 774 0 $tEsprit Saint dans l'«Économie» révélation et expérience de l'Esprit.$kThéologies$g1$w()44196 774 0 $tEst Seigneur et il donne la vie.$kThéologies$g2$w()89159 774 0 $tFleuve de vie (Ap 22, 1) coule en Orient et en Occident.$kThéologies$z2-204-01561-X$g3$w()89160 774 0 $aCongar, Yves $t[L'Esprit Saint dans l'économie].$b3. éd.$dParis : Les Éditions du Cerf, 2002.$kThéologies$z2-204-05166-7$g1$w()184077 830 0$aThéologies.$0(OLS)http://semarc/title/9365 996 $6245$aJe crois en l'Esprit Saint$9(OLS)http://semarc/title/9550 996 $6260$aParis :$bLes Éditions du Cerf$9(OLS)http://semarc/publisher/29611